Регионална библиотека "Любен Каравелов" - Русе

Из архивата на Найден Геров (Запис номер 193837)

MARC детайли
000 -Лидер
Контролно поле с фиксирана дължина 02693nam a2200469 c 4500
003 - Код на организацията, давaща контролен номер
Контролно поле BLK
005 - Дата и час на последна редакция
Контролно поле 20240619164048.0
008 - Елементи от данни с фиксирана дължина
fixed length control field 180411b bul|||||r ||||||| ||bul||
010 ## - Наследен системен номер
LC control number KNG00203059000
040 ## - Източник на каталожния запис
Идентификатор на билиотеката - собственик на записа BLK
041 ## - Код за език
Код за езика на текст/звукозапис или на отделно заглавие Български
Код за езика КДБФ Български
072 #7 - Код за тематичната категория
Код организация bullib
Код за тематична категория А
Текст Фонд Михаил Арнаудов
080 ## - УДК
Текстов определител УДК Период на кризата на феодализма, зараждане на капиталистически отношения. Възраждане на българския народ (II пол. на ХVIII в. - 1878 г.)
УДК код - определител по УДК 94(497.2)"1750/1878"
УДК определител (092)(093)
УДК - код + определител 94(497.2)"1750/1878"(092)(093)
080 ## - УДК
Текстов определител УДК Общо езикознание и филология
УДК код - определител по УДК 81
УДК определител (497.2)(092)(093)
УДК - код + определител 81(497.2)(092)(093)
080 ## - УДК
Текстов определител УДК Найден Геров Хаджиберович. Български писател, езиковед, фолклорист, общественик
УДК код - определител по УДК 929 Геров, Найден
УДК - код + определител 929 Геров, Найден
100 1# - Редна дума - Автор
Автор Геров, Найден
Авторска отговорност първи автор
R(LIN) 373791
139 ## - Редно поле
Редна дума Геров, Найден
Авторски знак Геро - Г 41
245 10 - Сведения за заглавието
Заглавие Из архивата на Найден Геров
Подзаглавни данни Писма, доклади и материали за възраждането на бълг. народ : Кореспонденция с частни лица : Кн. 1 - 2 За том: Аверки - Лобанов
Редно поле (дума) Найден Геров; под ред. на Тодор Панчев.
Том Кн. 1
Заглавие на том А - Л
257 ## - Страна на издаване
Страна на създаване/издаване България
260 ## - Област на издателските данни
Име на издателя, разпространителя и проч. БАН
Година на издаване 1911 -
300 ## - Физическа характеристика
Размери/Мащаб 27 см
380 ## - Жанр
Жанр История
490 ## - СЕРИИ (Колекции)
9 (RLIN) 396381
Име на серия Частна колекция - Академик Михаил Арнаудов
Бележки за серията Дарение - Основен фонд
500 ## - Общи забележки
Забележка Пълното име на авт. е Найден Геров Хаджиберович
600 14 - Име на лице, използвано като предмет
За него / За нея Геров, Найден
9 (RLIN) 373791
650 #4 - Допълнително описание по предмет – тема
Основно описание – тема или топоним Възраждане - България - извори
9 (RLIN) 265325
650 #0 - Допълнително описание по предмет – тема
Основно описание – тема или топоним Езикознание - България
9 (RLIN) 270804
650 #4 - Допълнително описание по предмет – тема
Основно описание – тема или топоним Геров, Найден
9 (RLIN) 373791
653 ## - Ключова дума – ненормативна
Ключова дума архиви
653 ## - Ключова дума – ненормативна
Ключова дума Възраждане
659 ## - Тематичен бюлетин
Тематичен бюлетин А
700 1# - Други автори (авторска отговорност)
Лично име Панчев, Тодор
Автороска отговорност (Описва отношението между автора и произведението) под ред. на
9 (RLIN) 346410
760 1# - Описание на основната серия
Редна дума на основното описание Геров, Найден
Място на издаване, издател и година 1911
Страници - том 3, 1047 с., 1 л. : портр.
Забележка - том Подчертавания в текста ; Изрезки: Две неизвестни писма на Н. Геров. - сп. Завети
Заглавие Кн. 1 А - Л
852 ## - Местоположение
Форматна сигнатура МА 192
Фондова буква Фонд "Михаил Арнаудов"
856 4# - Електронен адрес и достъп
Електронен формат pdf - файл
856 4# - Електронен адрес и достъп
Електронен формат pdf - файл
999 ## - СИСТЕМНИ КОНТРОЛНИ НОМЕРА
Koha biblionumber 193837
Koha biblioitemnumber 193837
942 ## - АРТИКУЛИ
Вид на библиотечния материал Книги
Скрит в OPAC Не
Koha issues (borrowed), all copies 1
Периодичен библиозапис Да
944 ## - СЪЗДАВАНЕ И РЕДАКЦИЯ на ЗАПИСА
Създаване/Редакция Създаване
Дата на регистрацията/редакция 15.03.2017
Служител, извършил регистрацията/редакцията 30560
Статус, дата на статуса Геновева Генчева
944 ## - СЪЗДАВАНЕ И РЕДАКЦИЯ на ЗАПИСА
Създаване/Редакция Редакция
Дата на регистрацията/редакция 09.03.2018
Служител, извършил регистрацията/редакцията Кети_Илиева
999 ## - СИСТЕМНИ КОНТРОЛНИ НОМЕРА
Koha biblioitemnumber 193837
999 ## - СИСТЕМНИ КОНТРОЛНИ НОМЕРА
Koha biblioitemnumber 193837
Наличности
Код за отписване Код за изгубен артикул Източник на класификационната схема Код за повреда Коз за рестрикции Код за отдаване Артикулен № Име на библиотеката - собственик Име на библиотеката, в която се намира в момента Статус (Текущо местоположение) Дата на вписване в системата Местоположение - отдел Цена в лева Инвентарен номер Систематично азбучна сигнатура Баркод Номер на екземпляра Цена в евро Служебна бележка Служебен тип на артикула
  Не е изгубен Universal Decimal Classification Не е повреден само за читалня Специални фондове ( старопечатни, редки и ценни, фонд М. Арнаудов) 339302 Регионална библиотека "Любен Каравелов" Русе Регионална библиотека "Любен Каравелов" Русе Фонд "Михаил Арнаудов" 1973-01-01 Фонд "Михаил Арнаудов" 8.00 321514 МА 192 120000321514 1 4.09 Дост: DA Вид: А N: стар фонд Дата: 01.01.1973 Книги
  Не е изгубен Universal Decimal Classification Не е повреден само за читалня ползва се в читалня 854576 Регионална библиотека "Любен Каравелов" Русе Регионална библиотека "Любен Каравелов" Русе Хранилище 2021-09-23 Основен фонд - ползва се само за читалня 0.84 6888-І Цб 9.280.6888 900000079304   0.43   Книги
Vip Innovations Ltd, Rousse, Bulgaria 2025